Statistics for NBA Top 10 Duos All-Time

Click here to take the quiz!

General Stats

  • This quiz has been taken 511 times
  • The average score is 18 of 25

Answer Stats

Player% Correct
Michael Jordan
98%
LeBron James
97%
Scottie Pippen
97%
Dwyane Wade
96%
Kobe Bryant
96%
Shaquille O'Neal
96%
Magic Johnson
91%
Kareem Abdul-Jabbar
90%
Stephen Curry
85%
Klay Thompson
83%
Jerry West
79%
Wilt Chamberlain
77%
Bill Russell
72%
John Stockton
71%
Karl Malone
71%
Bob Cousy
66%
Hakeem Olajuwon
63%
Isiah Thomas
56%
Steve Nash
51%
Joe Dumars
49%
Amar'e Stoudemire
44%
Bill Laimbeer
44%
Gary Payton
35%
Shawn Kemp
35%
Ralph Sampson
32%

Score Distribution

Percentile by Number Answered

Percent of People with Each Score

Your Score History

You have not taken this quiz